¿A qué jugamos? (Record no. 134059)

MARC details
000 -CABECERA
campo de control de longitud fija 00521nam a2200205 a 4500
005 - FECHA Y HORA DE LA ÚLTIMA TRANSACCIÓN
campo de control 20210219160251.0
008 - ELEMENTOS DE LONGITUD FIJA--INFORMACIÓN GENERAL
campo de control de longitud fija 081002s2000 mx r 000 0 spa d
020 ## - NÚMERO INTERNACIONAL NORMALIZADO PARA LIBROS
Número Internacional Estándar del Libro 9682922895
035 ## - NÚMERO DE CONTROL DEL SISTEMA
Número de control de sistema UPN01000161946
049 ## - COLECCIÓN
Colección UNE
080 ## - NÚMERO DE CLASIFICACIÓN DECIMAL UNIVERSAL
Número de la Clasificación Decimal Universal 796.1/.2 (72) "1991" AQU.
245 00 - MENCIÓN DE TÍTULO
Título ¿A qué jugamos?
250 ## - MENCIÓN DE EDICIÓN
Mención de edición 3a ed.
260 ## - PUBLICACIÓN, DISTRIBUCIÓN, ETC.
Lugar de publicación, distribución, etc. México : CONAFE, 1991.
300 ## - DESCRIPCIÓN FÍSICA
Extensión 111 p. : il.
440 #0 - MENCIÓN DE SERIE/ASIENTO SECUNDARIO--TÍTULO
Título Literatura infantil
690 ## - PUNTO DE ACCESO ADICIONAL DE MATERIA LOCAL--TÉRMINO DE MATERIA (OCLC, RLIN)
Término de materia o nombre geográfico como elemento inicial Juegos educativos- Mexico
690 ## - PUNTO DE ACCESO ADICIONAL DE MATERIA LOCAL--TÉRMINO DE MATERIA (OCLC, RLIN)
Término de materia o nombre geográfico como elemento inicial Literatura- Niños
905 ## - TIPO DE MATERIAL
Tipo de material UNESCO

No items available.